000 00828nam a2200289 a 4500
001 75221
003 BD-RjUL
005 20211209082648.0
008 190203r19611956nyua b 000 0 eng
035 _a(BD-RjUL)75439
035 _a(OCoLC)545850
040 _aDLC
_cODaWU
_dOCoLC
_dDLC
_beng
041 _aeng
042 _apremarc
082 _223
_a549
_bPER 1961
100 1 _aPearl, Richard M.
_q(Richard Maxwell),
_d1913-1980.
_9227629
245 1 0 _aRocks and minerals /
_cRichard M. Pearl.
260 _aNew York :
_bBarnes & Noble1
_c1956 [Printing1961]
300 _a275 p.:
_billus.;
_c21 cm.
490 0 _aEveryday handbook series,
_v260
504 _aIncludes bibliography.
650 0 _aMineralogy.
_9227630
650 0 _aRocks.
_9227631
942 _2ddc
_cBK
999 _c75221
_d75221